000
00276nam a22001097a 4500
082
_a
620.1 JUN'M
100
_a
JUNNARKAR, S.B
_9
42702
245
_a
MECHANICS OF STRUCTURES A TEXT BOOK FOR UNIVERSITY STUDENTS
260
_a
BOMBAY
_b
DEONAR
_c
1960
300
_a
546P
942
_c
BK
999
_c
582549
_d
582549